Missing Word: Game of Thrones Cast (A-Z) Quiz Stats

 Plays Quiz Updated Jul 15, 2016

Challenge
Share
Tweet
Embed
Score 0/22 Timer 04:00
1 Play Today
Actor Missing Word % Correct
Sean _____ (B)Bean
96.2%
_____ Clarke (E)Emilia
91.3%
Sophie _____ (T)Turner
85.7%
_____ Williams (M)Maisie
84.5%
_____ Momoa (J)Jason
81.6%
Lena _____ (H)Headey
76.2%
_____ Madden (R)Richard
69.2%
Jack _____ (G)Gleeson
69.1%
_____ Hempstead-Wright (I)Isaac
67.8%
_____ Gillen (A)Aidan
65.6%
Rose _____ (L)Leslie
65.3%
Actor Missing Word % Correct
Michelle _____ (F)Fairley
60.8%
_____ Coster-Waldau (N)Nikolaj
57.8%
_____ Hill (C)Conleth
52.5%
_____ Chaplin (O)Oona
52.4%
Pedro _____ (P)Pascal
52.2%
Stephen _____ (D)Dillane
45%
_____ Nairn (K)Kristian
43.3%
_____ Kekilli (S)Sibel
33.1%
Gemma _____ (W)Whelan
23.5%
Peter _____ (V)Vaughan
15.1%
Miltos _____ (Y)Yerolemou
6.8%

Today's Daily Dose

You're not logged in!

Compare scores with friends on all Sporcle quizzes.
Join for Free
OR
Log In

You Might Also Like...

Show Comments

Extras

Top Quizzes Today


Score Distribution

Your Account Isn't Verified!

In order to create a playlist on Sporcle, you need to verify the email address you used during registration. Go to your Sporcle Settings to finish the process.

Report this User

Report this user for behavior that violates our Community Guidelines.

Details: